iCATARACT Cataract analysis through smartphone assisted device (Record no. 173234)
[ view plain ]
| 000 -LEADER | |
|---|---|
| fixed length control field | 00514nam a2200145 4500 |
| 082 ## - DEWEY DECIMAL CLASSIFICATION NUMBER | |
| Classification number | BESE-3 HUS |
| 100 ## - MAIN ENTRY--PERSONAL NAME | |
| Personal name | MUHAMMAD HUSSAIN RANA |
| 245 ## - TITLE STATEMENT | |
| Title | iCATARACT Cataract analysis through smartphone assisted device |
| 260 ## - PUBLICATION, DISTRIBUTION, ETC. | |
| Place of publication, distribution, etc. | ISLAMABAD |
| Name of publisher, distributor, etc. | NUST-SEECS |
| Date of publication, distribution, etc. | 2016 |
| 300 ## - PHYSICAL DESCRIPTION | |
| Extent | 35p. |
| Accompanying material | CD INCLUDES |
| 856 ## - Uniform Resource Identifier | |
| Uniform Resource Identifier | <a href="http://10.250.8.41:8080/xmlui/handle/123456789/6850">http://10.250.8.41:8080/xmlui/handle/123456789/6850</a> |
| 942 ## - ADDED ENTRY ELEMENTS (KOHA) | |
| Source of classification or shelving scheme | |
| Koha item type | Thesis |
| Withdrawn status | Lost status | Source of classification or shelving scheme | Damaged status | Not for loan | Collection code | Permanent Location | Current Location | Shelving location | Date acquired | Source of acquisition | Full call number | Barcode | Date last seen | Price effective from | Koha item type |
|---|---|---|---|---|---|---|---|---|---|---|---|---|---|---|---|
| WITHDRAWN | Central Library (CL) | Central Library (CL) | Thesis | 01/20/2017 | NUST-SEECS | BESE-3 HUS | SEECSP01940 | 01/20/2017 | 01/20/2017 | Thesis |
